<The> Relationship between Unemployment and Economic Performance of the Slovak Regions: Does the Disparity Matter?
Okunov zákon. Prehľad vývoja nezamestnanosti a HDP na Slovensku. Potvrdená disparita regiónov a nutnosť vyššieho ekonomického rastu.
Saved in:
| Main Author: | |
|---|---|
| Format: | Book Chapter |
| Language: | English |
| Subjects: | |
| Tags: |
No Tags, Be the first to tag this record!
|
MARC
| LEADER | 00000nla a2200000 4500 | ||
|---|---|---|---|
| 001 | 0221883 | ||
| 005 | 20240502083549.4 | ||
| 041 | 0 | |a eng | |
| 044 | |a PT | ||
| 245 | 1 | 0 | |a <The> Relationship between Unemployment and Economic Performance of the Slovak Regions: Does the Disparity Matter? |c Ľubomír Darmo |
| 520 | |a Okunov zákon. Prehľad vývoja nezamestnanosti a HDP na Slovensku. Potvrdená disparita regiónov a nutnosť vyššieho ekonomického rastu. | ||
| 610 | 2 | 0 | |a produkt domáci hrubý |
| 610 | 2 | 0 | |a nezamestnanosť |
| 610 | 2 | 0 | |a výkonnosť |
| 610 | 2 | 0 | |a zákony ekonomické |
| 610 | 2 | 0 | |a disparita |
| 100 | 1 | |a Darmo, Ľubomír, 1984- | |